Un glorioso rincón de Castilla la Vieja (Record no. 70251)
[ view plain ]
| 000 -LEADER | |
|---|---|
| campo de control de longitud fija | 00739nam a2200193 i 4500 |
| 001 - NÚMERO DE CONTROL | |
| campo de control | 70251 |
| 003 - IDENTIFICADOR DE NÚMERO DE CONTROL | |
| campo de control | ES-MaACL |
| 005 - FECHA Y HORA DE LA ÚLTIMA TRANSACCIÓN | |
| campo de control | 20230906170751.0 |
| 007 - CAMPO FIJO DE DESCRIPCIÓN FÍSICA--INFORMACIÓN GENERAL | |
| campo de control de longitud fija | t| |
| 008 - DATOS DE LONGITUD FIJA--INFORMACIÓN GENERAL | |
| campo de control de longitud fija | 040721s1962 sp ||||1| spa d |
| 100 1# - ENTRADA PRINCIPAL--NOMBRE DE PERSONA | |
| Nombre de persona | García Rámila, Ismael. |
| 9 (RLIN) | 55150 |
| 245 13 - MENCIÓN DEL TÍTULO | |
| Título | Un glorioso rincón de Castilla la Vieja |
| Resto del título | : la tradición histórica y artística como formativa patriótica y espiritual del alma de Briviesca, la Bureba y sus pueblos / |
| Mención de responsabilidad, etc. | por Ismael García Rámila. |
| 260 ## - PUBLICACIÓN, DISTRIBUCIÓN, ETC. | |
| Lugar de publicación, distribución, etc. | Burgos : |
| Nombre del editor, distribuidor, etc. | [s.n., |
| Fecha de publicación, distribución, etc. | 1962] ( |
| Fabricante | Imp. Provincial) |
| 300 ## - DESCRIPCIÓN FÍSICA | |
| Extensión | 164 p., 9 lám. ; |
| Dimensiones | 20 cm. |
| 490 1# - MENCIÓN DE SERIE | |
| Mención de serie | Institución Fernán-González |
| 830 0# - PUNTO DE ACCESO ADICIONAL DE SERIE-TÍTULO UNIFORME | |
| Título uniforme | Institución Fernán-González |
| 9 (RLIN) | 183294 |
| 852 ## - LOCALIZACIÓN | |
| Ubicación | ES-MaACL |
| Número de control de estantería | C-23397 |
| Sublocalización o colección | R.51934 |
| Estatus retirado | Estado de pérdida | Estado de daño | No para préstamo | Biblioteca de origen | Biblioteca actual | Ubicación en estantería | Fecha de adquisición | Fuente de adquisición | Total de préstamos | Signatura topográfica completa | Código de barras | Visto por última vez | Precio de reemplazo | Tipo de ítem Koha |
|---|---|---|---|---|---|---|---|---|---|---|---|---|---|---|
| Biblioteca del Ateneo de Madrid | Biblioteca del Ateneo de Madrid | Depósito 2 | 17/01/2008 | C-23397 | 1073563 | 23/02/2023 | 23/02/2023 | Libro impreso |
